US States Quiz - 10 minutes - Statistics

General Stats
  • This quiz has been taken 432 times
  • The average score is 45 of 50
Answers on the Map
Answers color-coded by a green-red scale on the quiz's map according to % correct below.
 
Answer Stats
State % Correct
California
98%
Alaska
97%
Florida
97%
Texas
96%
Arizona
95%
Hawaii
95%
New York
95%
Washington
95%
Alabama
94%
North Carolina
94%
Arkansas
93%
Colorado
93%
Nevada
93%
North Dakota
93%
South Dakota
93%
Georgia
92%
New Mexico
92%
Ohio
92%
Kansas
91%
Michigan
91%
New Jersey
91%
South Carolina
91%
Utah
91%
Idaho
90%
Kentucky
90%
Louisiana
89%
Maine
89%
Mississippi
89%
Montana
89%
Oregon
89%
Virginia
89%
Illinois
88%
Rhode Island
87%
Tennessee
87%
West Virginia
87%
Wyoming
87%
Indiana
86%
Pennsylvania
86%
Connecticut
85%
Nebraska
85%
Wisconsin
85%
Delaware
84%
Maryland
84%
Oklahoma
84%
Minnesota
83%
Iowa
82%
New Hampshire
81%
Massachusetts
80%
Missouri
80%
Vermont
79%
No matching quizzes found
Score Distribution
Percent of People with Each Score
Percentile by Number Answered
Your Score History
You have not taken this quiz